Strikes, Wars, and Revolutions in an International Perspective / (Record no. 609399)

MARC details
000 -LEADER
fixed length control field 00661nam a2200181Ia 4500
008 - FIXED-LENGTH DATA ELEMENTS--GENERAL INFORMATION
fixed length control field 260128s9999 xx 000 0 und d
020 ## - INTERNATIONAL STANDARD BOOK NUMBER
ISBN 9780521526982
082 ## - DEWEY DECIMAL CLASSIFICATION NUMBER
Classification number 331.89294
Item number HAI
100 ## - MAIN ENTRY--AUTHOR NAME
Personal name Haimson, Leopold
245 #0 - TITLE STATEMENT
Title Strikes, Wars, and Revolutions in an International Perspective /
Statement of responsibility, etc Haimson, Leopold; Haimson, Leopold H.; Tilly, Charles
260 ## - PUBLICATION, DISTRIBUTION, ETC. (IMPRINT)
Name of publisher Cambridge University Press,
Year of publication 2002
300 ## - PHYSICAL DESCRIPTION
Number of Pages 4 pages
520 ## - SUMMARY, ETC.
Summary, etc This 1989 book contains essays on labour conflicts in major industrialized countries before, during and after World War I.
650 ## - SUBJECT ADDED ENTRY--TOPICAL TERM
Topical Term History
700 ## - ADDED ENTRY--PERSONAL NAME
Personal name Tilly, Charles
942 ## - ADDED ENTRY ELEMENTS (KOHA)
Koha item type English Books
Holdings
Withdrawn status Lost status Damaged status Not for loan Home library Current library Shelving location Date acquired Full call number Accession Number Price effective from Koha item type
        Anna Centenary Library Anna Centenary Library 4TH FLOOR, A WING 29.01.2026 331.89294 HAI 192349 29.01.2026 English Books

Find us on the map